01576 2200661 4500001002100000005001500021035002000036007000300056008004100059020002200100082001500122084002100137100003400158245011100192250001500303300004200318600001800360264003000378336002100408337003000429338002300459990001200482990001200494990001200506990001200518990001200530990001200542990001200554990001200566990001200578990001200590990001200602990001200614990001200626990001200638990001200650990001200662990001200674990001200686990001200698990001200710990001200722990001200734990001200746990001200758990001200770990001200782990001200794990001200806990001200818990001200830990001200842990001200854990001200866990001200878990001200890990001200902INLIS00000000000067420260109125109 a0010-0126000014ta260109 0 ind  a978-623-01-3479-1 a338.04.076 a338.04.076 MUH p0 aMuh Nur Eli BrahimePengarang1 aProjek Kreatif dan Kewirausahaan SMK/MAK Kelas XII Fase F :bTeknik Kendaraan Ringan /cMuh Nur Eli Brahim aed 1 cet 1 axxvi + 214 hlm :bilus ;c17,6 x 25cm 4aKewirausahaan aYogyakarta :bAndi,c2024 2rdacontentateks 2rdamediaatanpa perantara 2rdacarrieravolume a25.1745 a25.1746 a25.1747 a25.1748 a25.1749 a25.1750 a25.1751 a25.1752 a25.1753 a25.1754 a25.1755 a25.1756 a25.1757 a25.1758 a25.1759 a25.1760 a25.1761 a25.1762 a25.1763 a25.1764 a25.1765 a25.1766 a25.1767 a25.1768 a25.1769 a25.1770 a25.1771 a25.1772 a25.1773 a25.1774 a25.1775 a25.1776 a25.1777 a25.1778 a25.1779 a25.1780